| 000 | 00604nam a2200241Ia 4500 | ||
|---|---|---|---|
| 001 | 11189 | ||
| 003 | GE_BSU | ||
| 008 | 181216s||||||||xx |||||||||||||| ||und|| | ||
| 020 | _a9785160067094 | ||
| 040 | _cGE_BSU | ||
| 080 | _a321(470+571)+340 | ||
| 100 | _aТИХОМИРОВ,Ю.А | ||
| 245 | _aГОСУДАРСТВО. | ||
| 245 | _bМонография. | ||
| 245 | _cРЕД:Ю.С. Борисенко. | ||
| 260 | _aМОСКВА.НОРМА. | ||
| 260 | _bИНФРА-М. | ||
| 260 | _c2013. | ||
| 300 | _a320С;21см. | ||
| 541 | _h33л | ||
| 653 | _aГОСУДАРСТВО. | ||
| 942 | _cBK | ||
| 999 |
_c44423 _d44423 |
||